Era uma vez... (Registo nº 1716)

Detalhes MARC
000 -Etiqueta do registo
Cabeçalho 00911nam a22003131 4500
005 - Identificador da versão
Campo de controlo 20240813121914.0
095 ## -
-- PTBN00918506
035 ## - Other System Control Numbers
System Control Number 0006663
System Control Number 0000001
100 ## - Dados gerais de processamento
Dados gerais de processamento 19930925d1978 cd y0pory5003 ba
102 ## - Pais de publicação ou produção
País de publicação Portugal
101 1# - Língua de publicação
Língua do texto, banda sonora, etc. Português
Língua do documento no original Italiano
106 ## - Campo de dados codificados: material textual
Dados codificados do material textual r
105 ## - Campo de dados codificados: livros
Dados codificados dos livros a z 001fy
215 ## - Descrição física 
Indicação específica da natureza do documento e extensão da espécie 63 p.
Outras indicações físicas muito il.
Dimensões 29 cm
200 1# - Titulo e menção de responsabilidade
Título próprio Era uma vez...
Primeira menção de responsabilidade adapt. Sara Fuzier, Lydia Lax
Outras menções de responsabilidade il. Carla Ruffinelli
-- trad. Ricardo Alberty
225 2# - Colecção 
Título próprio da colecção Álbuns ilustrados SEL
Indicação de volume 12
210 ## - Publicação, Distribuição, etc. 
Lugar da edição, distribuição, etc. Lisboa
Nome do editor, distribuidor, etc. SEL
Data da publicação, distribuição, etc. cop. 1978
606 ## - Nome comum usado como assunto
Número de registo de entrada de autoridade 0000001
Palavra de ordem Literatura estrangeira infantil
Subdivisão de assunto Conto
675 ## - Classificação Decimal Universal (CDU)
Notação 82-34
Edição
Língua da edição por
702 #1 - Nome de autor-pessoa física (responsabilidade secundária)
Número de registo de entrada de autoridade 0000199
Palavra de ordem Alberty
Outra parte do nome não tomada para palavra de ordem Ricardo
Código de função Tradutor
701 #1 - Nome de autor-pessoa física (co-responsabilidade principal)
Palavra de ordem Lax
Outra parte do nome não tomada para palavra de ordem Lydia
Código de função Adaptador
Palavra de ordem Ruffinelli
Outra parte do nome não tomada para palavra de ordem Carla
Código de função Ilustrador / Técnico de desenho computorizado
700 #1 - Nome de autor-pessoa física (responsabilidade principal)
Número de registo de entrada de autoridade 0000196
Palavra de ordem Fuzier
Outra parte do nome não tomada para palavra de ordem Sara
942 ## - Elementos de entrada adicionados (Koha)
Tipo de item no Koha Livro
Exemplares
Situação do levantamento Origin of item (home branch) (coded) Biblioteca de empréstimo Código de barras Cota Circulation type (not for loan) Tipo de documento Nota do exemplar Damaged status
  Biblioteca Escolar da Coca Maravilhas Biblioteca Escolar da Coca Maravilhas BECM1989/93 8EST RUF   Livro Sem mensagem